| 000 | 01246nam a22003611i 4500 | ||
|---|---|---|---|
| 001 | bslw10069038 | ||
| 005 | 20240305165655.0 | ||
| 006 | m o d | ||
| 007 | cr un ---uuuua | ||
| 008 | 230714s2018 ck ob 000 0 spa d | ||
| 020 | _a9789587715903 | ||
| 020 |
_z9789587719510 _q(eISBN) |
||
| 035 | _a38754 | ||
| 040 |
_aUtOrBLW _beng _erda _cUtOrBLW |
||
| 050 | 4 |
_aHF5681.B2 _bU75 2018 |
|
| 082 | 0 | 4 |
_a657.32 _223 |
| 100 | 1 |
_aUribe Medina, Luis Raúl, _eauthor. |
|
| 245 | 1 | 0 |
_aPlan de cuentas para sistemas contables 2018 / _cLuis Raúl Uribe. |
| 250 | _aTercera edición. | ||
| 264 | 1 |
_aBogotá, Colombia : _bEcoe Ediciones, _c2018. |
|
| 300 | _a1 online resource (viii, 249 pages) | ||
| 336 |
_atext _btxt _2rdacontent |
||
| 337 |
_acomputer _bc _2rdamedia |
||
| 338 |
_aonline resource _bcr _2rdacarrier |
||
| 490 | 1 | _aColección: Ciencias Empresariales. Área: Contabilidad y Finanzas | |
| 504 | _aIncludes bibliographical references. | ||
| 650 | 0 |
_aAccounting _xStandards. |
|
| 650 | 0 |
_aFinancial statements _xStandards. |
|
| 650 | 0 |
_aAccounting _xLaw and legislation. |
|
| 830 | 0 |
_aColección: Ciencias Empresariales. _pContabilidad y Finanzas. |
|
| 856 | 4 | 0 | _uhttps://app.vlex.com/#/sources/38754 |
| 942 | _cRAA | ||
| 999 |
_c173052 _d173052 |
||